00756nam a2200181 a 4500003000200000005001700002008004100019050003200060100002500092245008500117260009200202300004800294504004100342650005600383650004600439650004200485650004700527020250411130820.0970101s19uu xx 00 eng d aPGS HV 551.5.P6b.T173 2004 aTapnio, John Mark S. aAftermath of Mount Pinatubo in Potrero Bacolor, Pampanga /cJohn Mark S. Tapnio. aLas Piñas City, Philippines : bSouthville International School and Colleges,c2004. a30 pages :bcolored illustrations ;c28 cm. aIncludes bibliographical references. aVolcanoesvEruptionzPhilippineszMount Pinatubo.  aDisaster recoveryzPhilippineszPampanga. aEvacuation of civilianszPhilippines. aResettlementzPhilippinesvPublic opinion.